000 00379nam a2200133Ia 4500
008 100328s9999 xx 000 0 und d
082 _b69032
100 _aकर्वे आनंद.
245 _aआाी बीज एकले.
260 _bरसिक.
630 _aआाी बीज एकले.
730 _aआाी बीज एकले.
942 _cBOOK
999 _c554765
_d554762